书目信息 |
| 题名: |
红樱桃
|
|
| 作者: | 萧亮, 著 | |
| 分册: | ||
| 出版信息: | 南昌 百花洲文艺出版社 2001.04 |
|
| 页数: | 508页, [1] 叶图版 | |
| 开本: | 20cm | |
| 丛书名: | ||
| 单 册: | ||
| 中图分类: | I247.7 | |
| 科图分类: | ||
| 主题词: | 中篇小说--zhong pian xiao shuo--中国--现代--作品集 , 短篇小说--duan pian xiao shuo--中国--现代--作品集 | |
| 电子资源: | ||
| ISBN: | 7-80647-260-6 | |
| 000 | 00875nam0 2200241 450 | |
| 001 | 012006859156 | |
| 005 | 20060626155247.81 | |
| 010 | @a7-80647-260-6@dCNY15.00 | |
| 100 | @a20060615d2001 km y0chiy0120 ea | |
| 101 | 0 | @achi |
| 102 | @aCN@b360000 | |
| 105 | @aaf z 000ay | |
| 200 | 1 | @a红樱桃@Ahong ying tao@f萧亮著@Fxiao liang zhu |
| 210 | @a南昌@c百花洲文艺出版社@d2001.04 | |
| 215 | @a508页, [1] 叶图版@c图@d20cm | |
| 314 | @a萧亮(1959~),生于江西省武宁县,二级作家,著有《红樱桃》。 | |
| 330 | @a本书收录了作者的《箫声》、《独角牛》、《代表》、《红樱桃》、《黑河谷》、《就是不改》等14部中短篇小说。 | |
| 606 | 0 | @a中篇小说@Azhong pian xiao shuo@y中国@z现代@j作品集 |
| 606 | 0 | @a短篇小说@Aduan pian xiao shuo@y中国@z现代@j作品集 |
| 690 | @aI247.7@v4 | |
| 701 | 0 | @a萧亮,@Axiao liang,@f1959-@4著 |
| 801 | 0 | @aCN@bQSSK@c20060626 |
| 905 | @a10447@dI247.7@eX321 | |
| 红樱桃/萧亮著.-南昌:百花洲文艺出版社,2001.04 |
| 508页, [1] 叶图版:图;20cm |
| ISBN 7-80647-260-6:CNY15.00 |
| 本书收录了作者的《箫声》、《独角牛》、《代表》、《红樱桃》、《黑河谷》、《就是不改》等14部中短篇小说。 |
| ● |
| 相关链接 |
|
|
|
正题名:红樱桃
索取号:I247.7/X321
 
预约/预借
| 序号 | 登录号 | 条形码 | 馆藏地/架位号 | 状态 | 备注 |
| 1 | 586356 | 205863564 | 社科二线400B/400B社科库 22排2列2层/ [索取号:I247.7/X321] | 在馆 | |
| 2 | 586357 | 205863573 | 社科二线422/422社科库 25排3列5层/ [索取号:I247.7/X321] | 在馆 | |
| 3 | 586358 | 205863582 | 社科二线400B/400B社科库 22排2列2层/ [索取号:I247.7/X321] | 在馆 |